| 000 | 01576aab a2200205 i 4500 | ||
|---|---|---|---|
| 001 | 768714001 | ||
| 003 | CO-MdFUSB | ||
| 005 | 20240422115546.0 | ||
| 008 | 221010s1996 ag ||||| |||| 00| 0 spa d | ||
| 040 |
_bspa _cCO-MdFUSB _dCO-MdFUSB |
||
| 041 | _aspa | ||
| 100 | 1 |
_aCamargo López, Jesús _eautor |
|
| 245 | 1 | 3 |
_aEl matrimonio según Génesis (3) _c/ Jesús Camargo López , Carmen Pérez de Camargo |
| 300 |
_aVolumen 15, número 2 (abril - junio, 1996) páginas: 20 - 22 _c; 27 cm |
||
| 520 | _aEl amor como pegamento del matrimonio hace posible que cada uno de los cónyuges aprenda a aceptarse a sí mismo y aprenda a aceptar al otro tal como es, con sus virtudes y sus defectos. La decision de estabaler mediante el matrimonio un compromiso irrevochable de acompañamiento mutuo y permanente, dejando atrás a su familia de origen, hace diferencia la unión matrimonial y le otorga la capacidad de logar un conocimiento cada vez más intimo de si mismo y del compañero y una experiencia más profunda del significado del amor. Se unirá, el pacto de amor, hecho una vez y para siempre, mediante el cual una pareja coloca el fundamento para llegar a constituirse en una sola carne: un solo cuerpo. Se unirá, proceso de vida. Unión que permite el crecimiento y el movimiento conjunto y personal, el movimiento y el crecimiento coordinados. | ||
| 650 | 7 |
_9300 _aMatrimonio |
|
| 700 | 1 |
_aPérez de Camargo, Carmen _eautor |
|
| 773 | 0 |
_tIglesia y Misión _049402 _959640 _gVolumen 15, número 2 (abril - junio, 1996) páginas: 20 - 22 _qPáginas 20 - 22 |
|
| 942 | _cANA | ||
| 999 |
_c68290 _d68290 |
||